| 000 | 00648nmm a2200253 a 4500 | ||
|---|---|---|---|
| 003 | AR-BaBNM | ||
| 005 | 20251128210456.0 | ||
| 008 | 020020s1992 ||||||||||||||000 | spa|| | ||
| 020 | _a84-85950-55-0 | ||
| 040 | _cAR-BaBNM | ||
| 245 | 1 | 0 |
_aDiccionario de autores de todos los tiempos y de todos los países _bCH-HIG _n2 |
| 250 | _a4ª ed. | ||
| 260 |
_aBarcelona _bHora _c1992 |
||
| 300 | 0 |
_ap. 631-1240 _bil. |
|
| 650 | 4 | _aDICCIONARIOS | |
| 650 | 4 | _aAUTORES | |
| 650 | 4 | _aESCRITORES | |
| 650 | 4 | _aLITERATURA | |
| 650 | 4 | _aBIOGRAFIAS | |
| 655 | _aREFERENCIA | ||
| 700 | 1 |
_aBompiani, Valentino _eeditor |
|
| 942 | _cBK | ||
| 998 | _claura | ||
| 999 |
_c15587 _d15587 |
||